000
00320nam a22001217a 4500
008
180515b xxu||||| |||| 00| 0 eng d
041
_a
eng
080
_a
043.3
100
_a
0
101
_a
MBE-BA
245
_a
Aplikimi i Korrelacionit dhe Regresionit ne Statistikat e Sektorit Financiar
_c
Demolli, H
942
_2
udc
_c
BK
999
_c
45815
_d
45815